000 00628nam a2200205Ia 4500
003 OSt
005 20220927104508.0
006 a|||||r|||| 00| 0
007 ta
008 220926b |||||||| |||| 00| 0 eng d
024 _a153655
037 _cReference Collections
040 _aRTL
_cRTL
_beng
041 _2eng
_aeng
082 _a"Y:4:6.3.N6, K7/UN"
245 0 _aOrganisation and Administration of Social welfare Programes
_b A series of countries studies
260 _aNew
_bYork United Nations
942 _h"Y:4:6.3.N6, K7/UN"
_cCC
999 _c687744
_d687744